| 000 | 00582nam a2200205Ia 4500 | ||
|---|---|---|---|
| 005 | 20230310101031.0 | ||
| 008 | 131103s9999 xx 000 0 und d | ||
| 040 | _aLoreto College | ||
| 041 | _aEnglish | ||
| 082 |
_a822.33 _bSHA-HAL |
||
| 100 | _aHalliday,F.E. | ||
| 245 |
_aShakespeare and his critics _cF.E.Halliday |
||
| 260 |
_aLondon _bGerald Duckworth _c1949 |
||
| 300 | _a522 p. | ||
| 504 | _aIncludes bibliographical references and index | ||
| 650 | _aEnglish Drama | ||
| 651 | _aShakespeare,William - Criticism and Interpretation | ||
| 850 | _aLCLIB | ||
| 942 | _cBK | ||
| 999 |
_c4782 _d55261 |
||